Brief history of time (Record no. 91975)

MARC details
000 -LEADER
fixed length control field 00525nam a2200217Ia 4500
003 - CONTROL NUMBER IDENTIFIER
control field OSt
005 - DATE AND TIME OF LATEST TRANSACTION
control field 20241104165832.0
008 - FIXED-LENGTH DATA ELEMENTS--GENERAL INFORMATION
fixed length control field 210210b1989 xxu||||| |||| 00| 0 eng d
020 ## - INTERNATIONAL STANDARD BOOK NUMBER
International Standard Book Number 0 553 17325 1
040 ## - CATALOGING SOURCE
Transcribing agency AL
041 ## - LANGUAGE CODE
Language code of text/sound track or separate title eng
082 ## - DEWEY DECIMAL CLASSIFICATION NUMBER
Classification number 523.1 HAWB
100 ## - MAIN ENTRY--PERSONAL NAME
Personal name HAWKING (Stephen W).
9 (RLIN) 184138
245 ## - TITLE STATEMENT
Title Brief history of time
260 ## - PUBLICATION, DISTRIBUTION, ETC.
Place of publication, distribution, etc. London
Name of publisher, distributor, etc. Bantam books
Date of publication, distribution, etc. 1989
300 ## - PHYSICAL DESCRIPTION
Extent 211
650 ## - SUBJECT ADDED ENTRY--TOPICAL TERM
Topical term or geographic name entry element Time big bang black holes
9 (RLIN) 184139
690 ## - LOCAL SUBJECT ADDED ENTRY--TOPICAL TERM (OCLC, RLIN)
Topical term or geographic name as entry element Astronomy
9 (RLIN) 184140
906 ## - LOCAL DATA ELEMENT F, LDF (RLIN)
a 042331
942 ## - ADDED ENTRY ELEMENTS (KOHA)
Source of classification or shelving scheme Dewey Decimal Classification
Koha item type Book
Holdings
Withdrawn status Lost status Source of classification or shelving scheme Damaged status Not for loan Collection code Home library Current library Date acquired Cost, normal purchase price Total Checkouts Full call number Barcode Date last seen Date last checked out Price effective from Koha item type
    Dewey Decimal Classification     Physics St Aloysius Library St Aloysius Library 02/17/2021 55.00 1 523.1 HAWB 042331 05/04/2024 11/17/2023 02/17/2021 Book